Pla integral participatiu del barri de Cerdanyola : memòria d'activitats 2003 - 2004 memòria d'activitats 2003 - 2004
Descripción Física:
8, 22, 42, [4] f. ; 29 cm
Otros Autores:
Mataró. Servei de Participació Ciutadana
MARC
| LEADER | 00000nam a2200000Ia 4500 | ||
|---|---|---|---|
| 001 | 22469 | ||
| 008 | 160829s2004 xx 000 0 cat d | ||
| 080 | |a M-6-332 | ||
| 245 | |a Pla integral participatiu del barri de Cerdanyola : |b memòria d'activitats 2003 - 2004 | ||
| 260 | |a Mataró : |b Ajuntament de Mataró. Servei de Participació Ciutadana, |c 2004 | ||
| 300 | |a 8, 22, 42, [4] f. ; |c 29 cm | ||
| 590 | |a Prové de G-227 | ||
| 650 | |a Cerdanyola (Mataró : Barri) |x Participació ciutadana |9 47403 | ||
| 700 | |a Mataró. Servei de Participació Ciutadana |9 47404 | ||
| 901 | |a Arxiu | ||
| 942 | |n 1 | ||
| 952 | |0 0 |1 0 |4 0 |6 M6332 |7 1 |9 53861 |a Arxiu |b Arxiu |d 2016-12-01 |l 0 |o M-6-332 |p 22469 |r 2016-12-01 00:00:00 |w 2016-12-01 |y ARXIU | ||
| 999 | |c 57727 |d 57727 | ||